| 000 | 00620nam a2200241Ia 4500 | ||
|---|---|---|---|
| 001 | 16411 | ||
| 003 | GE_BSU | ||
| 008 | 181216s||||||||xx |||||||||||||| ||und|| | ||
| 020 | _a9780230203150 (pbk.) | ||
| 040 | _cGE_BSU | ||
| 080 | _a327.17 | ||
| 100 | _aSmith, Michael E | ||
| 245 | _aInternational security : politics, policy, prospects | ||
| 260 | _aNew York | ||
| 260 | _bPalgrave Macmillan | ||
| 260 | _c2010. | ||
| 300 | _axix, 364 p, 25 cm. | ||
| 300 | _ebibliogr.:p.320-348 | ||
| 541 | _h93 gel. | ||
| 653 | _aInternational security : politics, policy, prospects | ||
| 653 | _aPolitics | ||
| 942 | _cBK | ||
| 999 |
_c49487 _d49487 |
||